000 00697nam a22002777a 4500
001 BR9403549
003 BR-BrBNA
005 20230928094221.0
007 ta
008 230509b bl.||||| |||| 00| 0 por d
040 _aBR-BrBNA
_bpor
_cBiblioteca Nacional de Agricultura
041 _a(Por)
072 _aP07; P06
090 _ P07 BR9403549
100 1 _aRodrigues, E.C.
245 1 _aSolucao energetica
250 1 _a2. ed.
260 3 _aSao Paulo, SP (Brasil):
_bUnidas,
_c1983.
300 _a361 p.
650 _aRecurso Energetico
650 _aEnergia Hidraulica
650 _aEnergia Nuclear
650 _aBiomassa
909 _a202309
_bLucia
_c55
_dLucia Elande
942 _cBK
999 _c49472
_d49472